00464nam a2200133Ia 4500008004100000020002400041082002000065100003500085245005300120300001000173942001200183999001900195952011600214210430s9999 xx 000 0 und d a3120-3120-3120-3120 a891.423 B9328 K aSyed Ahmed Shah Pitras Bukhari aKulyaat-e-PitrascSyed Ahmed Shah Pitras Bukhari a496p. cBK2ddc c563941d563941 00102ddc4070aSCMEbSCMEcGENd0008-09-11l1o808 B9328 KpSCME-3120r2023-10-27s2023-10-12w2021-04-30yBK